MARC

LEADER 00000nam0a2200000 4500
001 336711
005 20231102004900.0
035 |a (RuTPU)RU\TPU\book\363163 
035 |a RU\TPU\book\236983 
090 |a 336711 
100 |a 20171023d1979 k y0rusy50 ca 
101 0 |a rus 
102 |a RU 
105 |a a z 001zy 
200 1 |a Временные поля отраженных волн и метод эффективных параметров  |f Н. Н. Пузырев  |g Академия наук СССР (АН СССР), Сибирское отделение (СО), Институт геологии и геофизики (ИГиГ) ; под ред. С. В. Крылова 
210 |a Новосибирск  |c Наука  |d 1979 
215 |a 294 с.  |c ил., карты 
225 1 |a Труды института геологии и геофизики  |v Вып. 423 
320 |a Библиогр. в конце ст. 
606 1 |a Сейсмическая разведка  |x Интерпретация годографов  |2 stltpush  |3 (RuTPU)RU\TPU\subj\54340  |9 72497 
610 1 |a временные поля 
610 1 |a отраженные волны 
610 1 |a эффективные параметры 
610 1 |a годографы 
610 1 |a обратные задачи 
675 |a 550.834.05  |v 3 
700 1 |a Пузырев  |b Н. Н.  |g Николай Никитович 
702 1 |a Крылов  |b С. В.  |4 340 
712 0 2 |a Академия наук СССР (АН СССР)  |b Сибирское отделение (СО)  |b Институт геологии и геофизики (ИГиГ)  |c (Новосибирск)  |2 stltpush  |3 (RuTPU)RU\TPU\col\128 
801 1 |a RU  |b 63413507  |c 20120216 
801 2 |a RU  |b 63413507  |c 20171025  |g RCR 
942 |c BK